<?xml version="1.0" encoding="UTF-8"?><?xml-stylesheet type="text/xsl" href="static/style.xsl"?><OAI-PMH xmlns="http://www.openarchives.org/OAI/2.0/" xmlns:xsi="http://www.w3.org/2001/XMLSchema-instance" xsi:schemaLocation="http://www.openarchives.org/OAI/2.0/ http://www.openarchives.org/OAI/2.0/OAI-PMH.xsd"><responseDate>2026-04-30T05:15:48Z</responseDate><request verb="GetRecord" identifier="oai:uvadoc.uva.es:10324/64169" metadataPrefix="marc">https://uvadoc.uva.es/oai/request</request><GetRecord><record><header><identifier>oai:uvadoc.uva.es:10324/64169</identifier><datestamp>2025-03-26T19:45:19Z</datestamp><setSpec>com_10324_58352</setSpec><setSpec>com_10324_5186</setSpec><setSpec>com_10324_29291</setSpec><setSpec>col_10324_64167</setSpec></header><metadata><record xmlns="http://www.loc.gov/MARC21/slim" xmlns:doc="http://www.lyncode.com/xoai" xmlns:xsi="http://www.w3.org/2001/XMLSchema-instance" xmlns:dcterms="http://purl.org/dc/terms/" xsi:schemaLocation="http://www.loc.gov/MARC21/slim http://www.loc.gov/standards/marcxml/schema/MARC21slim.xsd">
<leader>00925njm 22002777a 4500</leader>
<datafield tag="042" ind1=" " ind2=" ">
<subfield code="a">dc</subfield>
</datafield>
<datafield tag="720" ind1=" " ind2=" ">
<subfield code="a">Vasconcellos Fernández, Nicolas Alberto</subfield>
<subfield code="e">author</subfield>
</datafield>
<datafield tag="720" ind1=" " ind2=" ">
<subfield code="a">Gordillo Manssur, Fabián Alberto</subfield>
<subfield code="e">author</subfield>
</datafield>
<datafield tag="720" ind1=" " ind2=" ">
<subfield code="a">Castañeda Aguiar, Luis Guillermo</subfield>
<subfield code="e">author</subfield>
</datafield>
<datafield tag="260" ind1=" " ind2=" ">
<subfield code="c">2023</subfield>
</datafield>
<datafield tag="520" ind1=" " ind2=" ">
<subfield code="a">La pandemia del COVID-19 ocasionó el cierre total del Ecuador en marzo del 2020. Dicho cierre involucró la reducción del flujo productivo y comercial de la agricultura. Este estudio se enfoca en el análisis reflexivo de la influencia de las políticas públicas sobre el sector agrícola y cómo una situación socioeconómica crítica como la generada por la pandemia puede evidenciar y agudizar inobservancias del Estado sobre la soberanía alimentaria. El estudio realizó una revisión de las políticas implementadas para lidiar con el COVID-19 en Ecuador y su impacto en la producción campesina. Los resultados muestran que el productor se vio imposibilitado de comerciar sus productos y el consumidor de adquirirlos. Se concluye que hoy, más que nunca, sobresale ante el Estado la importancia del productor campesino, quien fue el más afectado con las restricciones de movilización a nivel nacional durante el estado de emergencia. Estas condiciones denotan políticas estatales parcializadas al beneficio del agroexportador y la industria alimenticia empresarial, poniendo en una frágil situación a la agricultura campesina en situaciones de emergencia sanitaria cuando la prioridad es alimentar a la población nacional y fortalecer el sector rural que la suple.</subfield>
</datafield>
<datafield tag="024" ind2=" " ind1="8">
<subfield code="a">Revista Española de Estudios Agrosociales y Pesqueros; Núm. 261 (2023) pags. 15-37</subfield>
</datafield>
<datafield tag="024" ind2=" " ind1="8">
<subfield code="a">2605-0323</subfield>
</datafield>
<datafield tag="024" ind2=" " ind1="8">
<subfield code="a">https://uvadoc.uva.es/handle/10324/64169</subfield>
</datafield>
<datafield tag="024" ind2=" " ind1="8">
<subfield code="a">10.24197/reeap.261.2023.15-37</subfield>
</datafield>
<datafield tag="024" ind2=" " ind1="8">
<subfield code="a">15</subfield>
</datafield>
<datafield tag="024" ind2=" " ind1="8">
<subfield code="a">261</subfield>
</datafield>
<datafield tag="024" ind2=" " ind1="8">
<subfield code="a">37</subfield>
</datafield>
<datafield ind1=" " ind2=" " tag="653">
<subfield code="a">Agricultura -- Aspecto económico</subfield>
</datafield>
<datafield ind1=" " ind2=" " tag="653">
<subfield code="a">Industria pesquera -- Aspecto económico</subfield>
</datafield>
<datafield tag="245" ind1="0" ind2="0">
<subfield code="a">Agricultura ecuatoriana en medio de la pandemia. Efectos de la política pública en el productor agrícola</subfield>
</datafield>
</record></metadata></record></GetRecord></OAI-PMH>